Salaam New York: (Record no. 39432)

000 -LEADER
fixed length control field 00378nam a22001331a 4500
020 ## - INTERNATIONAL STANDARD BOOK NUMBER
ISBN 9788120713970
082 ## - DEWEY DECIMAL CLASSIFICATION NUMBER
Classification number E3 CHO SAL
Item number N93
100 ## - MAIN ENTRY--AUTHOR NAME
Personal name Prem N Chopra
245 ## - TITLE STATEMENT
Title Salaam New York:
Sub Title a powerful and absorbing drama of Indian's living in New York/
Statement of responsibility, etc by Prem N Chopra
260 ## - PUBLICATION, DISTRIBUTION, ETC. (IMPRINT)
Place of publication New Delhi:
Name of publisher Sterling,
Year of publication 1993.
300 ## - PHYSICAL DESCRIPTION
Number of Pages 170p.
650 ## - SUBJECT ADDED ENTRY--TOPICAL TERM
Topical Term Novel English
942 ## - ADDED ENTRY ELEMENTS (KOHA)
Koha item type Book
Holdings
Withdrawn status Lost status Damaged status Not for loan Permanent Location Current Location Date acquired Cost, normal purchase price Full call number Accession Number Cost, replacement price Price effective from Koha item type
Write off     1 Sree Sankaracharya University of Sanskrit Sree Sankaracharya University of Sanskrit 08.01.2015 60.00 E3 CHO SAL N93 032572 0.00 08.01.2015 Book